|
|
|
|
| LEADER |
01075nam a2200277 i 4500 |
| 001 |
c000336449 |
| 003 |
CARM |
| 005 |
00000000000000.0 |
| 008 |
790919r19791894gw b 00010 ger |
| 015 |
|
|
|a GFR79-A
|
| 019 |
1 |
|
|a 1554504
|5 LACONCORD2021
|
| 020 |
|
|
|a 3761080433 :
|c DM29.80
|
| 035 |
|
|
|a (OCoLC)5618194
|5 LACONCORD2021
|
| 050 |
0 |
0 |
|a DS145
|b .B26 1979
|
| 100 |
1 |
|
|a Bahr, Hermann,
|d 1863-1934.
|
| 245 |
1 |
4 |
|a Der Antisemitismus :
|b e. internat. Interview /
|c Hermann Bahr ; hrsg. u. mit e. Anhang vers. von Hermann Greive.
|
| 260 |
|
|
|a Königstein/Ts. :
|b Jüdischer Verlag,
|c 1979.
|
| 300 |
|
|
|a 154 p. ;
|c 22 cm.
|
| 500 |
|
|
|a Reprint of the 1894 ed. published by S. Fischer, Berlin.
|
| 504 |
|
|
|a Includes bibliographical references.
|
| 650 |
|
0 |
|a Antisemitism.
|
| 700 |
1 |
|
|a Greive, Hermann,
|d 1935-
|
| 852 |
8 |
|
|b CARM
|h A1:AP29G0
|i B07933
|p 0354016
|f BK
|
| 082 |
0 |
4 |
|a 301.45/19/24
|
| 999 |
f |
f |
|i f6ec5d17-5563-5cdc-9779-12caecd5875f
|s 58fcf75b-1d92-55f6-b94b-f01bf66bf530
|
| 952 |
f |
f |
|p Can circulate
|a CAVAL
|b CAVAL
|c CAVAL
|d CARM 1 Store
|e B07933
|f A1:AP29G0
|h Other scheme
|i book
|m 0354016
|